Online Catalogue and eLibrary

Economic development and social change in Sri Lanka : (Record no. 2794)

MARC details
000 -LEADER
fixed length control field 00489nam a2200169Ia 4500
005 - DATE AND TIME OF LATEST TRANSACTION
control field 20240528041550.0
008 - FIXED-LENGTH DATA ELEMENTS--GENERAL INFORMATION
fixed length control field 240331s9999 xx 000 0 und d
020 ## - INTERNATIONAL STANDARD BOOK NUMBER
ISBN 8173041009
082 ## - DDC Classification
Item Number - Author Mark ECO
Class No. 338.9
245 #0 - TITLE STATEMENT
Title Economic development and social change in Sri Lanka :
Remainder of title a special and policy analysis
260 ## - PUBLICATION, DISTRIBUTION, ETC.
Place of publication, distribution, etc. New Delhi
Name of publisher, distributor, etc. Manohar Publishers & Distributors
Date of publication, distribution, etc. 1996
300 ## - PHYSICAL DESCRIPTION
Extent (e.g. Volumes, Pages etc.) xi, 377 p .,
650 ## - SUBJECT ADDED ENTRY--TOPICAL TERM
Topical term or geographic name entry element Social
650 ## - SUBJECT ADDED ENTRY--TOPICAL TERM
Topical term or geographic name entry element Economic
700 ## - ADDED ENTRY--PERSONAL NAME
Personal name Groves, A. Paul
Relator term (Role) Editor
942 ## - Koha item type (Biblio)
Koha item type Books in Stacks (Lending)
Holdings
Lost status Damaged status Collection code Home library Current library Shelving location Date acquired Full call number Accession Number Item type
    Lending WERC Library WERC Library Social Science Cupboard 03/31/2024 338.9 ECO 2724 Books in Stacks (Lending)

© WERC Library